[Event "Eje Cafetero Region 3rd"]
[Site "Eje Cafetero"]
[Date "2009.03.21"]
[Round "2.20"]
[White "Quintero, Fabian"]
[Black "Patino, Jose David"]
[Result "1-0"]
[WhiteElo "1600"]
[BlackElo "1725"]
[PlyCount "63"]
[EventDate "2009.03.21"]
[EventType "swiss"]
[EventRounds "7"]
[EventCountry "COL"]
[SourceTitle "EXT 2024"]
[Source "ChessBase"]
[SourceDate "2023.10.10"]
[SourceVersion "1"]
[SourceVersionDate "2023.10.10"]
[SourceQuality "1"]

1. e4 c6 2. c4 g6 3. d4 Bg7 4. Nf3 d5 5. Nc3 e6 6. Bd3 Nf6 7. e5 Nfd7 8. c5 b5 9. 0-0 a5 10. h4 h6 11. Be3 Na6 12. a3 a4 13. Ne2 Bb7 14. Qd2 Qe7 15. Rfc1 Nc7 16. g3 0-0-0 17. b3 axb3 18. a4 bxa4 19. Rxa4 f6 20. exf6 Qxf6 21. Bf4 Rdf8 22. Ra7 g5 23. hxg5 hxg5 24. Nxg5 e5 25. dxe5 Nxe5 26. Qb4 Nb5 27. Bxb5 cxb5 28. Qxb5 Qc6 29. Nd4 Qxb5 30. Nxb5 Bc6 31. Rc7+ Kb8 32. Rxc6 1-0